000 00533nam a2200193 a 4500
001 000039984
005 20201002033840.0
008 130801s1986 xxu 000 0 spa d
020 _a0515086738
040 _aDO-SdBNP
_bspa
_cBNPHU
082 _axxxx
_bxxxx
100 1 _aCartland, Barbara
_966208
245 1 0 _aA dream in Spain /
_cBarbara Cartland.
260 _aEstados Unidos :
_bJove Book,
_c1986.
300 _a164 p. ;
_c18 cm.
490 1 _aCamfield
_v37
590 _aInventariado, 2019/BT
830 0 _aCamfield
_n37
_966209
999 _c39474
_d39474